000 00229nam a2200097Ia 4500
005 20251222114407.0
008 251222s1900||||xx |||||||||||||| ||spa||
082 _aDVD0099/B94/T.1
245 0 _aOrĂ­genes del hombre 1-3:
942 _cDVD
999 _c1885
_d1885